000 01249ngm a22003850a 4500
001 PT43894
003 AR-LpoUNG
005 20210201235944.0
007 vd cvaizq
008 191001s[201||||ag |||||||||||||||||spa d
040 _aAR-LpoUNG
_bspa
_cAR-LpoUNG
_eaacr
041 _aspa
044 _aag
082 0 _a302.1 617v10
100 1 _aBirri, Fernando
_edir.
245 1 0 _aRemitente :
_bNicaragua (carta al mundo)
260 _aRosario :
_bISCAA - ATE,
_c[2011].
300 _aDVD (15 min.) : son., col.
505 0 _aHecha en 1984. Nicaragua-Italia - Productora: INCINE. - Distribuidora: ICAIC. - Guión: Fernando Birri. - Fotografía: Frank Pineda, Rafael Vargas Ruiz Edición: Settimio Presutto. - Sonido: Fernando Birri, Adriano Taloni
520 _aReflexión poética acerca de la histórica lucha del pueblo nicaragüense; un mural de la revolución cotidiana en la nueva sociedad.
650 4 _aARGENTINA
650 4 _aARTE
650 4 _aCULTURA
650 4 _aITALIA
650 4 _aPOBREZA
650 4 _aPROBLEMAS SOCIALES
651 4 _aArgentina
653 _aCINE ARGENTINO
653 _aCORTOMETRAJE
653 _aDOCUMENTALES
653 _aDVD
653 _aVIDEOS
905 _a43894
942 _cDVD
999 _c53841
_d53841